English Football teams by last name - Statistics

General Stats
  • This quiz has been taken 20 times
    3 since last reset
  • The average score is 2 of 15
Answer Stats
Hint Answer % Correct
Stanley Accrington
100%
Vale Port
67%
County Newport
33%
County Notts
33%
F.C Alvechurch
0%
Town Braintree
0%
Albion Burton
0%
Rovers Doncaster
0%
athletic dover
0%
Athletic Hinckley
0%
Athletic Oldham
0%
United Rotherham
0%
City St.Alban's
0%
Supermarine swindon
0%
Angels Tonbridge
0%
No matching quizzes found
Score Distribution
Percent of People with Each Score
Percentile by Number Answered
Your Score History
You have not taken this quiz since the last reset